South Africa : (Record no. 133744)

MARC details
000 -LEADER
fixed length control field 00758nam a22002297a 4500
005 - DATE AND TIME OF LATEST TRANSACTION
control field 20170124110214.0
010 ## - LIBRARY OF CONGRESS CONTROL NUMBER
LC control number A-574266
020 ## - INTERNATIONAL STANDARD BOOK NUMBER
Terms of availability 500.00
International Standard Book Number 8185163308
035 ## - SYSTEM CONTROL NUMBER
System control number A-574266
037 ## - SOURCE OF ACQUISITION
Source of stock number/acquisition Cen Lib/Ret
040 ## - CATALOGING SOURCE
Original cataloging agency DPL
Language of cataloging EN
082 ## - DEWEY DECIMAL CLASSIFICATION NUMBER
Classification number 969.0481
Item number SAX
100 ## - MAIN ENTRY--PERSONAL NAME
Personal name Saxena, S. C
9 (RLIN) 38796
245 ## - TITLE STATEMENT
Title South Africa :
Statement of responsibility, etc by S. C. Saxena
Remainder of title walking the last mile /
260 ## - PUBLICATION, DISTRIBUTION, ETC. (IMPRINT)
Place of publication, distribution, etc Delhi
Name of publisher, distributor, etc Kalinga Publications
Date of publication, distribution, etc 1992
270 ## - ADDRESS
Address 10 A, Pocket I, Mayur Vihar
City Delhi
Postal code 110091
300 ## - PHYSICAL DESCRIPTION
Extent xi,508p.
Dimensions 22cm(Hb)
500 ## - GENERAL NOTE
General note Includes bibliographical references and index
650 ## - SUBJECT ADDED ENTRY--TOPICAL TERM
Topical term or geographic name as entry element South Africa -- Politics and government -- 1989-1994
9 (RLIN) 38797
650 ## - SUBJECT ADDED ENTRY--TOPICAL TERM
Topical term or geographic name as entry element Apartheid -- South Africa
9 (RLIN) 38798
942 ## - ADDED ENTRY ELEMENTS (KOHA)
Source of classification or shelving scheme Dewey Decimal Classification
Koha item type English Books
Classification part 968.0481
Call number suffix SAX
Holdings
Withdrawn status Lost status Damaged status Not for loan Collection code Home library Current library Date acquired Source of acquisition Cost, normal purchase price Total Checkouts Full call number Barcode Date last seen Copy number Cost, replacement price Price effective from Koha item type
      Not For Loan Reference Central Library Central Library 27/07/2015 Cen Lib/Ret 500.00   969.0481 SAX A-574266 27/07/2015 1 500.00 27/07/2015 English Books

© Delhi Public Library
Hit Counter
free hit counter